000 00803nas a2200241 4500
001 BR9607250
003 BR-BrBNA
005 20231205095416.0
007 ta
008 230509b bl.|||p| |||| 00| 00por d
040 _aBR-BrBNA
_bpor
_cBiblioteca Nacional de Agricultura
041 _a(Pt)
072 _aH10
100 1 _aCanhedo-Lascombe, V.L.
100 1 _aCorseuil, E.
245 1 _aCaracterizacao das especies de Gryllotalpidae (Orthoptera, Ensifera)do Rio Grande do Sul, Brasil, com algumas observacoes biologicas e sonograficas
650 _aOrtoptero
650 _aTaxonomia
650 _aRio Grande do Sul
773 0 _tIheringia. Serie Zoologia (Brazil)
_xISSN 0073-4721
_g(Jun 1996), no. 80 p. 65-104
_wBR9607250
909 _a202311
_bLúcia
_c55
_dLúcia Elande
942 _2AGRIS
_n0
_cANA
999 _c150490
_d150490